Songs by Lyrics - Statistics

General Stats
  • This quiz has been taken 211 times
  • The average score is 3 of 15
Answer Stats
Hint Answer % Correct
Her name is Noelle, i have a dream about her Teenage dirtbag
48%
I was scared of pretty girls and starting conversations Riptide
46%
Some boys take a beautiful girl and hide her away from the rest of the world Girls just wanna have fun
30%
So many girls in here, where do i begin? Where them girls at
27%
There was something so pleasant about that place, even your emotions have an echo and so much space Crazy
26%
My many artifacts, the list goes on Budapest
21%
She’s pretty, a fitty, she’s got a boyfriend though and thats a pitty She’s so lovely
17%
‘Cause i been acting like sour milk all on the floor Sweet escape
15%
For my theme song, my leather black jeans on Black skinhead
14%
You expect me to just let you hit it, but would you still respect me if you did it? Promiscuous
13%
After all the things that we been through, i mean after all the things we got into Heartless
10%
I cant stop my hand from shaking, ‘cause im cold and alone tonight Dear darlin’
9%
She needs me now but i cant seem to find the time, ive got a new job now on the unemployment line For the first time
8%
I gotta get out or figure this sh*t out Disturbia
7%
So get drunk, call me a fool, put me in my place Good grief
6%
No matching quizzes found
Score Distribution
Percent of People with Each Score
Percentile by Number Answered
Your Score History
You have not taken this quiz